Off the pedestal : new women in the art of Homer, Chase and Sargent /

Bibliographic Details
Other Authors: Connor, Holly Pyne, 1952-
Format: Book
Language:English
Published: Piscataway, N.J. : Rutgers University Press ; 2006.
Subjects:

MARC

Tag First Indicator Second Indicator Subfields
LEADER 00000pam a22000001a 4500
001 in00002118949
005 20151103064654.0
008 050628s2006 njua 000 0 eng
015 |a GBA606226  |2 bnb 
016 7 |a 013360153  |2 Uk 
020 |a 0813536960 (hbk.) 
020 |a 0813536979 (pbk.) 
024 3 |a 9780813536965 (hbk.) 
024 3 |a 9780813536972 (pbk.) 
035 |a (OCoLC)ocm62714641 
040 |a UKM  |c UKM  |d BAKER  |d NPL  |d TXH  |d GZM  |d TXA  |d UtOrBLW 
042 |a ukblsr 
049 |a TXAM 
050 4 |a N7629.N55  |b N48 2006 
082 0 4 |a 704.042097309034  |2 22 
245 0 0 |a Off the pedestal :  |b new women in the art of Homer, Chase and Sargent /  |c edited by Holly Pyne Connor. 
264 1 |a Piscataway, N.J. :  |b Rutgers University Press ;  |c 2006. 
264 2 |a London :  |b Eurospan [distributor], 
300 |a 158 pages :  |b illustrations (some color) ;  |c 29 cm. 
336 |a text  |b txt  |2 rdacontent 
337 |a unmediated  |b n  |2 rdamedia 
338 |a volume  |b nc  |2 rdacarrier 
504 |a Includes bibliographical references (pages 125-145) and index. 
650 0 |a Women in art. 
650 0 |a Feminism in art. 
650 0 |a Art, American  |y 19th century. 
650 0 |a Art, American  |y 20th century. 
700 1 |a Connor, Holly Pyne,  |d 1952- 
994 |a C0  |b TXA 
948 |a cataloged  |b h  |c 2006/5/2  |d c  |e blrosas  |f 11:54:44 am 
999 |a MARS 
999 f f |s ae3200fd-2515-3c5a-bb1f-651c12464ffe  |i a5ad247f-f6c4-3c04-b3d6-501e360e0346  |t 0 
952 f f |p normal  |a Texas A&M University  |b College Station  |c Sterling C. Evans Library  |d Evans: Library Stacks  |t 0  |e N7629.N55 N48 2006  |h Library of Congress classification  |i unmediated -- volume  |m A14832746867 
998 f f |a N7629.N55 N48 2006  |t 0  |l Evans: Library Stacks